| 000 | 01261cab a2200301 4500 | ||
|---|---|---|---|
| 001 | ABS55718 | ||
| 008 | 090401t1996 xxu||||| |||| 00| 0 eng d | ||
| 035 | _a(Sirsi) u18287 | ||
| 041 | _aeng | ||
| 100 | _aJoyce, M.D. | ||
| 245 | _aCoal Mining Subsidence Arbitration Scheme | ||
| 260 | _c1996 | ||
| 350 | _a0 | ||
| 490 |
_aArbitration _v62(3) August 1996, 199-201(3) |
||
| 520 | _aDescribes the Coal Mining Subsidence Arbitration Scheme administered by the Chartered Institute of Arbitrators introduced in 1994 following privatisation of the coal industry. The Coal Authority is responsible for historic mining claims whilst individual coal companies are responsible for any new damage. Flowchart illustrates procedures claimants must follow. | ||
| 650 | _aABANDONED COAL MINES | ||
| 650 | _aCOAL AUTHORITY | ||
| 650 | _aCOAL INDUSTRY ACT 1994 | ||
| 650 | _aCOAL MINING SUBSIDENCE (ARBITRATION SCHEMES) REGULATIONS | ||
| 650 | _aCOAL MINING SUBSIDENCE ACT 1991 | ||
| 650 | _aCOAL MINING | ||
| 650 | _aMINING SUBSIDENCE | ||
| 650 | _aPRIVATISATION | ||
| 690 | _aMANAGEMENT-DISPUTE AVOIDANCE, MANAGEMENT AND RESOLUTION-DISPUTE MANAGEMENT AND RESOLUTION-ARBITRATION | ||
| 690 | _aMINING AND MINERALS | ||
| 942 | _n0 | ||
| 948 | _c04/03/1997 | ||
| 999 |
_c12139 _d12139 |
||